000 00273nam a2200097Ia 4500
008 220120s9999||||xx |||||||||||||| ||und||
100 _aGaonkar, Ramesh, S
245 0 _aMicroprocessor architecture
260 _aPenram international publishing
_bBangalooru
_c1999
300 _b0
999 _c137300
_d137300